| 000 | 00724nam a22002177a 4500 | ||
|---|---|---|---|
| 999 |
_c3535 _d3535 |
||
| 003 | AR-CdUCM | ||
| 008 | 190306b ||||| |||| 00| 0 spa d | ||
| 040 |
_aMUNICIPALIDAD PROVINCIAL DEL CUSCO _cBIBLIOTECA MUNICIPAL DEL CUSCO |
||
| 082 |
_a896.54 / _bB77 |
||
| 100 |
_aBouzaber, yacine _911582 |
||
| 245 | _aTeatro de la revolución argelina / | ||
| 260 |
_aLa Habana : _bEditorial Arte y Literatura, _c1977. |
||
| 300 |
_a287 páginas ; _c19 cm. |
||
| 505 | _aContenido:El cadáver cercado -- Serkaji -- Alba roja -- La casualidad no existe -- Sobre los autores. | ||
| 650 |
_aTeatro _9173 |
||
| 650 |
_aArgelia _911583 |
||
| 650 |
_aColecciones _9607 |
||
| 650 |
_aSiglo XX _98 |
||
| 942 |
_2ddc _cLIBROS |
||
| 945 | _adavv | ||